Hydrodynamika vertikálneho toku suspenzií tuhé častice - plyn

Gespeichert in:
Bibliographische Detailangaben
1. Verfasser: Mierka, Otto, 1951- (Verfasst von)
Format: Manuskript Buch
Sprache:Slowakisch
Veröffentlicht: Bratislava : STU v Bratislave FCHPT, 2000
Ausgabe:Obháj.: 19.4.2001
Tags: Tag hinzufügen
Keine Tags, Fügen Sie das erste Tag hinzu!

MARC

LEADER 00000ntm a22000003a 4500
001 stu61552
005 20150617225651.1
008 011029s2000----xo------------------slo-d
040 |a STU  |b slo 
041 0 |a slo 
044 |a xo 
080 |a 532.5(043.5) 
100 1 |a Mierka, Otto,  |d 1951-  |4 aut  |u C6230  |U FCHPT Ústav chemického a environmentálneho inžinierstva  |T FCHPT Oddelenie chemického a biochemického inžinierstva  |X 3311  |U C6230  |Y 119  |7 A000003311 
245 1 |a Hydrodynamika vertikálneho toku suspenzií tuhé častice - plyn 
250 |a Obháj.: 19.4.2001 
260 |a Bratislava :  |b STU v Bratislave FCHPT,  |c 2000 
300 |a 31 s. Tab.,lit 
500 |a Katedra chemického a biochemického inžinierstva 
996 |b 284C019710  |c C*H89  |l CCI  |s A  |a 24  |w stu61552_0001